Movies Set in Africa by Picture - Statistics

General Stats
  • This quiz has been taken 171 times
  • The average score is 9 of 16
Answer Stats
Picture Answer % Correct
The Lion King
100%
Black Panther
87%
Casablanca
75%
John Wick: Chapter 3 – Parabellum
67%
Blood Diamond
63%
The Ten Commandments
57%
Hotel Rwanda
50%
Out of Africa
49%
The English Patient
48%
District 9
47%
Black Hawk Down
46%
Coming to America
46%
Lara Croft: Tomb Raider – The Cradle of Life
45%
Mandela: Long Walk to Freedom
33%
Sahara
22%
Inception
19%
No matching quizzes found
Score Distribution
Percent of People with Each Score
Percentile by Number Answered
Your Score History
You have not taken this quiz